000 00714cam a22002293a 4500
001 23276
003 PGUSA
005 20140828083509.0
008 071031s2007||||xxu|||||s|||||000 1 eng d
040 _aPGUSA
_beng
042 _adc
050 4 _aPR
100 1 _aHolt, Emily Sarah,
_d1836-1893
245 1 4 _aThe White Rose of Langley :
_bA Story of the Olden Time
_h[electronic resource] /
_cEmily Sarah Holt
260 _bProject Gutenberg,
_c2007
506 _aPublic domain in the USA.
516 _aElectronic text
653 _aGreat Britain -- History -- Lancaster and York, 1399-1485 -- Fiction
830 0 _aProject Gutenberg
_v23276
856 4 0 _uhttp://www.gutenberg.org/ebooks/23276
942 _cEB
999 _c252531
_d252531